00536cam a2200157Ia 4500020001600000040000800016082002600024100001700050245003600067260003600103300002100139500002300160500002700183520015000210650001800360 a0590568779  cJBL a813 SCH 1996 A094 Or.1 aStine, R. L.10aNight of the living dummy III / aNew York :bScholastic,cc1996. a125 p. ;c20 cm. a"Apple paperback." a"Parachute Press book" aTrina's dad used to be a ventriloquist; his dummies are in the attic. Trina and her brother Dan hear voices in the attic; are the dummies alive? 0aHorror tales.